| 000 | 00959 a2200229 4500 | ||
|---|---|---|---|
| 005 | 20081010110426.0 | ||
| 008 | 081010t xxu||||| |||| 00| 0 eng d | ||
| 010 | _aUr-6969 | ||
| 020 |
_c175.00 _a8180420086 |
||
| 035 | _aU-5546 | ||
| 037 | _bD.B.Act/pub | ||
| 082 | _a840.08 | ||
| 100 | _aما نک ٹا لا | ||
| 245 |
_aبا با ۓ اردو اور برادران يو سف _cما نک ٹالا |
||
| 260 |
_aنئ دھلی _bموڈرن پبليشنگ ہا ؤس _c2005 |
||
| 270 |
_a9-گولا ما ر کيٹ دريا گنج _bنئ دھلی _e110002 _k011-23278869 |
||
| 300 |
_a176 ص _b22 سينٹی ميٹر |
||
| 650 | _aتحقيق،تنقيد، و تخليق | ||
| 700 | _aپر يم گو پا ل متل | ||
| 942 |
_adpl _cUR _2ddc _h840.08 _mٹ ا ل |
||
| 999 |
_c1528 _d1528 |
||